| 000 | 00951nam a22002055i 4500 | ||
|---|---|---|---|
| 001 | 151397 | ||
| 003 | ES-MaACL | ||
| 005 | 20240229062725.0 | ||
| 008 | 040903s1809 sp |||| | spa d | ||
| 040 |
_aCAM _bspa _cCAM |
||
| 245 | 0 | 0 | _aAl Rey Nuestro Señor Don Fernando VII en sus días La Nación. |
| 260 |
_a[Cádiz?. : _bs.n., _c1809?] |
||
| 300 |
_a[3] p. ; _c20 cm. |
||
| 594 | _aTit. tomado de comienzo del texto. | ||
| 594 | _aEl texto comienza: "Dia 30 de mayo, dia memorable en el calendario de la iglesia y de la patria¡ ¡dia de luto y de júbilo, por lo que padeces y por lo que mereces, ínclito y desgraciado Fernando ..." | ||
| 596 | _aProbablemente fechado en 1809. | ||
| 651 | 4 |
_aEspaña- _xHistoria- _y1808-1814, Guerra de la Independencia _98244 |
|
| 852 |
_aES-MaACL _jR-3318(15) _z.- Enc. en un vol. facticio con otras obras formando "Miscelanea patriotica" _q.- Ejemplar sin portada ni cubierta |
||
| 999 |
_c151397 _d151397 |
||